Top World Capitals by Population Growth From 2025-2100 - Statistics

General Stats
  • This quiz has been taken 28 times
  • The average score is 13 of 20
Answer Stats
Population Change Capital % % Correct
+17.5M Cairo +76%
100%
+48.6M Khartoum +505%
87%
+65.7M Kinshasa +370%
87%
+29.9M Addis Ababa +501%
80%
+19.8M Maputo +1,613%
80%
+40.9M Nairobi +709%
80%
+19.8M Bamako +622%
73%
+45.4M Kabul +931%
73%
+35.9M Kampala +841%
73%
+55M Niamey +4,909%
67%
+29.6M Dhaka +120%
60%
+40M Lilongwe +2,871%
60%
+17.5M Dakar +479%
53%
+34.3M Lusaka +987%
53%
+23.7M Sana'a +672%
53%
+33.5M Mogadishu +1,178%
47%
+17.9M Ouagadougou +486%
47%
+26M Baghdad +319%
40%
+24.7M Manila +162%
40%
+27.1M N'Djamena +1,572
33%
No matching quizzes found
Score Distribution
Percent of People with Each Score
Percentile by Number Answered
Your Score History
You have not taken this quiz